• 首页
  • 本馆介绍
  • 公告通知
  • 最新文献
  • 馆藏检索
  • 电子资源
  • 读者导购
  • 参考咨询
  • 我的图书馆
  • 登录
  • 详细信息显示
  • 放入我的书架
  • 预约/预借图书
  • 作者相关作品
  • 分类相关作品
  • 丛书相关作品
  • 出版社相关作品

书目信息

  • 表格格式
  • 工作单格式
  • 卡片格式
题名:
怪诞行为学
    
 
作者: 艾瑞里 著 ;赵德亮 , 夏蓓洁 译
分册:  
出版信息: 北京   中信出版社  2012
页数: 248页
开本: 23cm
丛书名:
单 册:
中图分类: F069.9
科图分类:
主题词: 行为经济学--通俗读物
电子资源:
ISBN: 978-7-5086-2218-7
000 00960nam0 2200277 450
001 338189
005 20150601163758.68
010    @a978-7-5086-2218-7@dCNY45.00
100    @a20101108d2010 em y0chiy50 ea
101 1  @achi@ceng
102    @aCN@b110000
105    @ay z 000yy
106    @ar
200 1  @a怪诞行为学@Aguai dan xing wei xue@d= Predictably irrational@e可预测的非理性@e升级版@f(美) 丹·艾瑞里(Dan Ariely) 著@g赵德亮,夏蓓洁译@zeng
210    @a北京@c中信出版社@d2012
215    @a248页@d23cm
300    @a天天经济学 01
330    @a本书共分为十三章, 包括相对论的真相、供求关系的失衡、免费的代价、社会规范的成本、性兴奋的影响等内容。
510 1  @aPredictably irrational@zeng
606 0  @a行为经济学@j通俗读物
690    @aF069.9@v5
701  0 @c(美)@a艾瑞里@Aai rui li@c(Ariely, Dan)@4著
702  0 @a赵德亮@Azhao de liang@4译
702  0 @a夏蓓洁@Axia bei jie@4译
801  0 @aCN@b卓展宏图@c20150525
905    @dF069.9@e137@f4
    
    怪诞行为学= Predictably irrational:可预测的非理性:升级版/(美) 丹·艾瑞里(Dan Ariely) 著/赵德亮,夏蓓洁译.-北京:中信出版社,2012
    248页;23cm
    天天经济学 01
    
    ISBN 978-7-5086-2218-7:CNY45.00
    本书共分为十三章, 包括相对论的真相、供求关系的失衡、免费的代价、社会规范的成本、性兴奋的影响等内容。
●
相关链接 在E读中查询图书 在五车中查询图书 在当当中查询图书 在豆瓣中查询图书


正题名:怪诞行为学     索取号:F069.9/137         预约/预借

序号 登录号 条形码 馆藏地/架位号 状态 备注
1 861189   208611894   第一样本阅览室/ [索取号:F069.9/137] 在馆    
2 861190   208611901   第一借阅区/ [索取号:F069.9/137] 已借出,限还日期为2018.03.14
借出人:王岩  
 
3 861191   208611910   第一借阅区/ [索取号:F069.9/137] 在馆    
4 861192   208611929   第一借阅区/ [索取号:F069.9/137] 在馆    
唐山师范学院图书馆 欢迎您!
大连网信软件有限公司© 版权所有